Vegyes

Elmentve itt :
Bibliográfiai részletek
Szerző: Kemény Ferenc
Dokumentumtípus: Cikk
Megjelent: 1915
Sorozat:Magyar pedagógia : a Magyar Tudományos Akadémia Pedagógiai Bizottságának folyóirata 24
Kulcsszavak:Gyógypedagógia magyar lapszemle 1915, Bibliográfia
Online Access:http://misc.bibl.u-szeged.hu/14856
LEADER 00649nab a2200181 i 4500
001 misc14856
005 20191106143507.0
008 170607s1915 hu o 0|| hun d
022 |a 0025-0260 
040 |a SZTE Miscellanea Repozitórium  |b hun 
041 |a hun 
100 1 |a Kemény Ferenc 
245 1 0 |a Vegyes  |h [elektronikus dokumentum] /  |c  Kemény Ferenc 
260 |c 1915 
300 |a 301-302 
490 0 |a Magyar pedagógia : a Magyar Tudományos Akadémia Pedagógiai Bizottságának folyóirata  |v 24 
695 |a Gyógypedagógia magyar lapszemle 1915, Bibliográfia 
856 4 0 |u http://misc.bibl.u-szeged.hu/14856/1/mp_1915_301-302.pdf  |z Dokumentum-elérés